Statistiche per Paesi nominati nella pagina Wikipedia di Cuba

Clicka qui per fare il quiz!

Statistiche generali

  • Questo quiz è stato fatto 19 volte
  • Il punteggio medio è 19 su 29

Statistiche sulle risposte

Volte in cui viene nominatoIndizio (basato sul motivo per cui lo stato viene nominato nella pagina Wikipedia)Paese% Corretto
13Paese che ha colonizzato Cuba per circa 400 anniSpagna
100%
35Paese che si trova a nord di CubaStati Uniti
100%
1Paese che ha occupato brevemente L'Avana nel 1555Francia
94%
2Paese che si trova a ovest di CubaMessico
94%
1Paese che ha occupuato brevemente Cuba nel 1762Regno Unito
94%
1Paese che si trova a nord di CubaBahamas
88%
1Paese che si trova a sud di CubaGiamaica
88%
2Paese che si trova a est di CubaHaiti
88%
5Paese con cui Cuba ha ottime relazioni diplomatiche ed economicheCina
82%
3Paese tra i principali partner commerciali di CubaItalia
82%
1Altro paese mesoamericano in cui gli USA intervennero militarmente nel 1903Panama
82%
2Paese tra i principali partner commerciali di CubaCanada
76%
1Paese in cui fuggì il dittatore cubano Batista prima di rifugiarsi in EuropaRepubblica Dominicana
76%
6Paese con cui Cuba ha ottime relazioni diplomatiche ed economicheVenezuela
76%
1Paese tra i principali partner commerciali di CubaGermania
71%
1Paese contro il quale Cuba ha lottato in Africa nel secondo '900Sudafrica
71%
1Paese con cui Cuba ha ottime relazioni diplomaticheCorea del Nord
65%
1Paese dal quale provengono studenti nelle facoltà mediche cubaneBolivia
59%
1Paese dal quale provengono studenti nelle facoltà mediche cubaneEcuador
59%
2Paese ceduto con Cuba dalla Spagna agli USA nel 1898Filippine
59%
1Paese dal quale provengono studenti nelle facoltà mediche cubaneHonduras
59%
1Paese tra i principali partner commerciali di CubaPaesi Bassi
53%
2Paese in cui, nella seconda metà del '900, sono intervenute truppe cubaneAngola
41%
1Paese che nel 2007, all'ONU, ha votato contro la dismissione dell'embargo americano a CubaIsraele
41%
2Paese assistito nel 1977 dall'intervento di truppe cubaneEtiopia
35%
1Paese in cui, nella seconda metà del '900, sono intervenute truppe cubaneNamibia
29%
1Paese contro cui, nel 1977, sono intervenute truppe cubaneSomalia
29%
1Paese che nel 2007, all'ONU, ha votato contro la dismissione dell'embargo americano a CubaIsole Marshall
24%
1Paese che nel 2007, all'ONU, ha votato contro la dismissione dell'embargo americano a CubaPalau
18%

Distribuzione punteggi

Percentile per numero di risposta

Percentuale di utenti per punteggio

I tuoi punteggi nel tempo

Non hai fatto questo quiz